Better regulation for a sustainable built environment (Record no. 108542)

MARC details
000 -LEADER
fixed length control field 01358cad a22002055a 4500
001 - CONTROL NUMBER
control field L144554
008 - FIXED-LENGTH DATA ELEMENTS--GENERAL INFORMATION
fixed length control field 080728s2008 xxk f 000 0 eng d
035 ## - SYSTEM CONTROL NUMBER
System control number (Sirsi) u144554
041 0# - LANGUAGE CODE
Language code of text/sound track or separate title eng
050 04 - LIBRARY OF CONGRESS CALL NUMBER
Classification number 333.72 $2 18
110 2# - MAIN ENTRY--CORPORATE NAME
Corporate name or jurisdiction name as entry element Aldersgate Group
9 (RLIN) 5205
245 00 - TITLE STATEMENT
Title Better regulation for a sustainable built environment
Medium [electronic resource]
260 ## - PUBLICATION, DISTRIBUTION, ETC.
Place of publication, distribution, etc. London
Name of publisher, distributor, etc. Aldersgate Group
Date of publication, distribution, etc. 2008
520 ## - SUMMARY, ETC.
Summary, etc. Presents the key issues, evidence and proposals for regulatory action to improve the sustainability of the UK's built environment. Claims that disjointed policy and weak enforcement risk are damaging the credibility of the Government's targets for low-carbon buildings. Finds that despite these ambitious targets, current policy and regulation is fragmented, inconsistent and poorly applied. The report is also critical of how the Government and other public authorities deal with their own estates. Urges the Government to provide serious incentives for improvements to the existing stock, which presents a far bigger opportunity than new buildings.
590 ## - LOCAL NOTE (RLIN)
Local note KA
651 #4 - SUBJECT ADDED ENTRY--GEOGRAPHIC NAME
Geographic name United Kingdom
Chronological subdivision
690 ## - LOCAL SUBJECT ADDED ENTRY--TOPICAL TERM (OCLC, RLIN)
Topical term or geographic name as entry element ENVIRONMENTAL AND LAND CONSULTANCY-ENERGY-ENERGY USE-ENERGY EFFICIENCY
856 40 - ELECTRONIC LOCATION AND ACCESS
Uniform Resource Identifier <a href="https://www.aldersgategroup.org.uk/public_reports/view_document/8">https://www.aldersgategroup.org.uk/public_reports/view_document/8</a>
Public note View the report free of charge at www.aldersgategroup.org.uk
942 ## - ADDED ENTRY ELEMENTS (KOHA)
Suppress in OPAC 0
Holdings
Withdrawn status Lost status Source of classification or shelving scheme Damaged status Not for loan Home library Current library Shelving location Date acquired Total Checkouts Full call number Barcode Date last seen Copy number Price effective from Koha item type
    Dewey Decimal Classification     Virtual Virtual Online 28/07/2008   ONLINE PUBLICATION 144554-2001 06/08/2019 1 06/08/2019 Book